Liedtext-Käpt´n Balu und seine tollkühne Crew - Statistiken

Allgemein
  • Dieses Quiz wurde 33 mal gespielt
  • Das Durchschnittsergebnis liegt bei 42 aus 107
Antwortstatistiken
Antwort % Korrekt
Balu
100%
Crew
88%
sein
88%
seine
88%
und
88%
Freund
76%
Sie
76%
sie
76%
fliegen
64%
Fliegen
64%
dick
60%
dünn
60%
zu
60%
siegen
56%
um
56%
durch
52%
Freunde
48%
Käpt´n
48%
die
40%
hahahahahaha
36%
sind
36%
bis
32%
wenn
32%
Sieger
28%
Unser
28%
Ziegen
28%
Fetzen
24%
Fracht
20%
bumm
16%
oie
12%
Oie
12%
oio
12%
Oio
12%
ein
8%
Vogelfrei
8%
Phänomen
4%
Keine übereinstimmenden Quizze gefunden
Verteilung der Resultate
Anzahl Personen mit jedem Resultat
Perzentil nach korrekt beantworteten Fragen
Ihre Resultats-Entwicklung
Sie haben dieses Quiz noch nicht gespielt